Manual de la organización institucional del deporte
Furkejuvvon:
| Váldodahkkit: | , , , , , |
|---|---|
| Materiálatiipa: | Girji |
| Giella: | espánnjágiella |
| Almmustuhtton: |
Barcelona
Paidotribo
1999
|
| Preanttus: | 1a. ed |
| Ráidu: | Colección Gestión y Administración
|
| Fáttát: | |
| Fáddágilkorat: |
Lasit fáddágilkoriid
Eai fáddágilkorat, Lasit vuosttaš fáddágilkora!
|
MARC
| LEADER | 00000nam a2200000 a 4500 | ||
|---|---|---|---|
| 001 | UCI0692 | ||
| 003 | CL-VaPUC | ||
| 008 | 070525e19990000SP |||||||||||||||||spa|d | ||
| 020 | |a 848019457X | ||
| 082 | 0 | 4 | |a 796.069 |b BLA |2 21 |
| 100 | 0 | |a Blanco, Eduardo |e author |9 520860 | |
| 700 | 0 | |a Burriel, Joan Carles |e author |9 520861 | |
| 700 | 0 | |a Camps, Andreu |e author |9 520862 | |
| 700 | 0 | |a Carretero, José Luis |e author |9 520863 | |
| 700 | 0 | |a Landaberea, Juan Antonio |e author |9 520864 | |
| 700 | 0 | |a Montes, Vicente |e author |9 520865 | |
| 245 | 1 | 0 | |a Manual de la organización institucional del deporte |
| 250 | |a 1a. ed | ||
| 300 | |a 371 p | ||
| 942 | |c BK | ||
| 945 | |d 20070525 00:00:00 |a cmena | ||
| 260 | |a Barcelona |b Paidotribo |c 1999 | ||
| 650 | 7 | |a DEPORTE |2 CL-VaPUC |9 520866 | |
| 650 | 7 | |a GESTION DEPORTIVA |2 CL-VaPUC |9 462479 | |
| 650 | 0 | |a Administración de empresas |9 260833 | |
| 650 | 0 | |a Planificación estratégica |9 259735 | |
| 583 | |a last modification |c 20140404 06:23:26 |k Rodrigo Vera | ||
| 490 | 0 | |a Colección Gestión y Administración | |
| 999 | |c 325752 |d 325750 | ||
| 952 | |0 0 |1 0 |4 0 |6 796_069000000000000_BLA_1999 |7 0 |8 A |9 407042 |a BIBEDU |b BIBEDU |d 2019-11-22 |i 4343123 |o 796.069 BLA 1999 |p 4343123 |r 2019-11-22 |w 2019-11-22 |y BK |k EFI | ||
| 952 | |0 0 |1 0 |4 0 |6 796_069000000000000_BLA_1999 |7 0 |8 A |9 407043 |a BIBEDU |b BIBEDU |d 2019-11-22 |i 4343131 |l 5 |o 796.069 BLA 1999 |p 4343131 |r 2022-05-17 |s 2022-05-17 |w 2019-11-22 |y BK |k EFI | ||